Jerrys by Picture - Statistics

General Stats
  • This quiz has been taken 32 times
  • The average score is 11 of 20
Answer Stats
Picture Hint Answer % Correct
Jerry Seinfeld
97%
Gerald Ford
81%
Jerry Springer
77%
(TIP: can name the show) Gerald Broflovski
71%
Jeremy Renner
68%
Gerard Butler
65%
Jared Leto
61%
Jeremy Irons
61%
Jerry Lee Lewis
61%
Jerry Lewis
58%
Jerry Rice
55%
Jerry Stiller
55%
Jerry West
55%
Jerry Garcia
48%
Jared Goff
45%
Jeremy Clarkson
35%
Jared Fogle
32%
Jeremy Allen White
26%
Gerard Way
19%
Gerd Muller
6%
No matching quizzes found
Score Distribution
Percent of People with Each Score
Percentile by Number Answered
Your Score History
You have not taken this quiz